| 000 | 00508nam a2200145Ia 4500 | ||
|---|---|---|---|
| 008 | 260210s9999 xx 000 0 und d | ||
| 024 | _a18B-005-CS, 18B-086-CS, 18B-105-CS & 18B-112-CS | ||
| 082 | _a004.1072 IQB | ||
| 100 | _aQurat ul Ain Iqbal, Nadia, Umm E Hani & Muaaz Bin Salman | ||
| 110 | _aFatima Shakeel & Shahrooz Shamim | ||
| 245 | 0 | _a3-Dimenstional Virtual shopping mart | |
| 260 |
_aKarachi: _bUITU, _c2018 |
||
| 600 | _aComputer Science | ||
| 650 | _aBachelor of Engineering (BE) | ||
| 999 |
_c32495 _d32495 |
||